Normal view
MARC view
- Augenstein,Moshe J.
Entry Personal Name
001 - CONTROL NUMBER
- control field: 1334
003 - CONTROL NUMBER IDENTIFIER
- control field: OSt
005 - DATE AND TIME OF LATEST TRANSACTION
- control field: 20160827122349.0
008 - FIXED-LENGTH DATA ELEMENTS
- fixed length control field: 160827|| aca||aabn | a|a d
040 ## - CATALOGING SOURCE
- Original cataloging agency: OSt
- Transcribing agency: OSt
100 ## - HEADING--PERSONAL NAME
- Personal name: Augenstein,Moshe J.
670 ## - SOURCE DATA FOUND
- Source citation: Work cat.: (OSt): Tenenbaum,Aaron M. 1332, Data Structures Using C, 2011
